| 000 | 00490nab a2200145Ia 4500 | ||
|---|---|---|---|
| 003 | ES-SlBCS | ||
| 005 | 20210601125508.0 | ||
| 008 | 140529s2005 xxu||||| |||| 00| 0 eng d | ||
| 041 | _aeng | ||
| 100 | 1 |
_aLampert, Laurence _9155801 |
|
| 245 | 0 | 0 |
_aNietzsche's Challenge to Philosophy in the Thought of Leo Strauss _c Laurence Lampert |
| 600 | 1 |
_aNietzsche, Friedrich-Strauss, Leo _9159315 |
|
| 773 | 0 |
_tReview of Methaphysics _gvol. 58/3, nº. 231, 2005, págs. 585-621 _wRev843 |
|
| 942 | _cAR | ||
| 999 |
_c531256 _d531256 |
||